| Registos Bibliográficos associados ao registo de autoridade |
|
Etiqueta de registo: 00254nam 2200025 450 001 2288770 003 http://id.bnportugal.gov.pt/bib/catbnp/2288770 100 ## $a20260624d2023 k y0pory01030103ba 101 0# $apor$deng 102 ## $aPT$aBR 105 ## $aa m 000yy 106 ## $ar 200 1# $aAbordagens somáticas na formação em dança no ensino superior$eprocessos de percepção-sensibilidade a partir de um estudo entre Lisboa e o Rio de
Janeiro$fMarina Campos Magalhães$gorient. Jorge Manuel Nunes Ramos do Ó, Gustavo Alexandre da Silva Vidal Vicente, Joana
Ribeiro da Silva Tavares 210 #9 $aLisboa$c[s.n.],$d2023$e(Anexos) 1 CD 215 ## $a345 p.$cil.$d30 cm 328 #1 $aTese doutoramento Artes, Universidade de Lisboa, Faculdade de Belas-Artes, Instituto
de Ciências Sociais, Universidade Federal do Estado do Rio de Janeiro, Centro de Letras
e Artes, 2023 700 #1 $aMarina Campos Magalhães$32001633 702 #1 $aÓ,$bJorge Ramos do,$f1962-$4727$350035 702 #1 $92$aVicente$bGustavo Alexandre da Silva Vidal$4727$31910192 702 #1 $aTavares,$bJoana Ribeiro da Silva $4727$32001635 801 #0 $aPT$bBN$gRPC 966 ## $lBN$mFGMON$x1 971 ## $cjbeatriz$d20260624
|
|
|